• 首页
  • 本馆介绍
  • 公告通知
  • 最新文献
  • 馆藏检索
  • 电子资源
  • 读者导购
  • 参考咨询
  • 我的图书馆
  • 登录
  • 详细信息显示
  • 放入我的书架
  • 预约/预借图书
  • 作者相关作品
  • 分类相关作品
  • 丛书相关作品
  • 出版社相关作品

书目信息

  • 表格格式
  • 工作单格式
  • 卡片格式
题名:
比较政治分析
    
 
作者: 王沪宁 著
分册:  
出版信息: 上海   上海人民出版社  1987
页数: 336页
开本: 20cm
丛书名: 新学科丛书
单 册:
中图分类: D0
科图分类:
主题词: 政治理论
电子资源:
ISBN:
000 00655nam2 2200253 45
001 0187000303
005 20050331112200.3
010    @dCNY2.30
091    @a3074.792
100    @a19900808d1987 em y0chiy0121 ea
101 0  @achi
102    @aCN@b310000
105    @ay z 000yy
200 10 @a比较政治分析@Abi jiao zheng zhi fen xi@f王沪宁著@FWang Hu Ning Zhu
210    @a上海@c上海人民出版社@d1987
215    @a336页@d20cm
225 2  @a新学科丛书
410  0 @120010@a新学科丛书
606    @a政治理论
690    @aD0@v3
701  0 @a王沪宁@4著
801  0 @aCN@b深圳图书馆@c20040505
801  2 @aCN@bNLC@c20040505
905    @dD0@e70@f1@b217439
    
    比较政治分析/王沪宁著.-上海:上海人民出版社,1987
    336页;20cm.-(新学科丛书)
    
    
    ISBN :CNY2.30
    
●
相关链接 在E读中查询图书 在五车中查询图书 在当当中查询图书 在豆瓣中查询图书


正题名:比较政治分析     索取号:D0/70         预约/预借

序号 登录号 条形码 馆藏地/架位号 状态 备注
1 0217438   001649372   第一借阅区/ [索取号:D0/70] 在馆    
2 0217439   002008302   第一借阅区/ [索取号:D0/70] 在馆    
3 0217440   002044692   第一样本阅览室/ [索取号:D0/70] 在馆    
唐山师范学院图书馆 欢迎您!
大连网信软件有限公司© 版权所有